000
00506nam a2200169Ia 4500
008
090711s9999 xx 000 0 und d
082
_b
44761
100
_a
वालावलकर सी. पु.
245
_a
लव्हस्टोरी
260
_c
1982
300
_a
206
600
_a
वालावलकर सी. पु.
630
_a
लव्हस्टोरी
700
_a
वालावलकर सी. पु.
730
_a
लव्हस्टोरी
942
_c
BOOK
999
_c
314882
_d
314882